21/ Calendrier de l'Avent - Père Noël dans le monde - Statistiques

Statistiques générales
  • Ce quiz a été pris 19 fois
    12 depuis la dernière actualisation
  • Le résultat moyen est 13 sur 25
Statistiques - réponses
Père Noël Langue % Correct
Weihnachtsmann Allemand
100%
Santa Claus Anglais
100%
Papá Noel Espagnol
100%
Père Noël Français
100%
Pai Natal Portugais
89%
Sheng Dan Lao Ren Chinois
78%
Babbo Natale Italien
78%
Santa no ojisan Japonais
78%
Agios Nikolaos Grec
56%
Mikulás Hongrois
56%
Julenissen Norvégien
56%
Gwiazdor Polonais
56%
Jultomten Suédois
56%
Julemanden Danois
44%
Joulupukki Finnois
44%
Moș Crăciun Roumain
44%
Jõuluvana Estonien
33%
Jólasveinninn Islandais
33%
Ziemassvētku vecītis Letton
33%
Kalėdų senelis Lituanien
33%
Pare Nadal Catalan
22%
Kerstman Néerlandais
22%
Санта Клаўс Biélorusse
11%
Djed Mraz Bosniaque
11%
Paire Nadal Occitan
11%
Aucun quiz correspondant
Distribution des résultats
% des personnes avec chaque résultat
Percentile par nombre de réponses
Votre historique - résultats
Vous n’avez pas pris ce quiz depuis la dernière actualisation